[Event "DEM U10 2023"]
[Site "Willingen GER"]
[Date "2023.06.01"]
[Round "8"]
[White "Retzlaff, Nick"]
[Black "Belin, Anton"]
[Result "0-1"]
[Termination "normal"]
[Board "6"]
[WhiteElo "1523"]
[BlackElo "1662"]
[WhiteClock "00:00:33"]
[BlackClock "01:11:13"]
[PlyCount "104"]
[WhiteFideId "34610367"]
[BlackFideId "34610952"]
[EventCountry "GER"]
[EventRounds "11"]
[EventType "swiss"]
[EventDate "2023.05.27"]

1. e4 {[%clk 01:15:57]} c5 {[%clk 01:15:55]} {[%emt 00:00:06]} 2. Nf3 {[%clk
01:16:20]} {[%emt 00:00:07]} d6 {[%clk 01:16:14]} {[%emt 00:00:09]} 3. d4
{[%clk 01:16:42]} {[%emt 00:00:09]} cxd4 {[%clk 01:16:31]} {[%emt 00:00:13]} 4.
Nxd4 {[%clk 01:17:01]} {[%emt 00:00:10]} Nf6 {[%clk 01:16:40]} {[%emt
00:00:22]} 5. Nc3 {[%clk 01:16:40]} {[%emt 00:00:51]} g6 {[%clk 01:16:46]}
{[%emt 00:00:23]} 6. Be3 {[%clk 01:16:43]} {[%emt 00:00:28]} Bg7 {[%clk
01:16:59]} {[%emt 00:00:17]} 7. f3 {[%clk 01:16:57]} {[%emt 00:00:16]} a6
{[%clk 01:17:09]} {[%emt 00:00:21]} 8. Qd2 {[%clk 01:16:19]} {[%emt 00:01:07]}
h5 {[%clk 01:16:57]} {[%emt 00:00:42]} 9. O-O-O {[%clk 01:13:50]} {[%emt
00:02:59]} b5 {[%clk 01:16:31]} {[%emt 00:00:55]} 10. a3 {[%clk 01:10:43]}
{[%emt 00:03:39]} Bb7 {[%clk 01:15:53]} {[%emt 00:01:07]} 11. Kb1 {[%clk
01:09:40]} {[%emt 00:01:32]} Nbd7 {[%clk 01:15:30]} {[%emt 00:00:52]} 12. Bd3
{[%clk 01:03:27]} {[%emt 00:06:44]} Rc8 {[%clk 01:14:45]} {[%emt 00:01:16]} 13.
Rhf1 {[%clk 01:01:00]} {[%emt 00:02:57]} Nc5 {[%clk 01:13:55]} {[%emt
00:01:16]} 14. h3 {[%clk 00:54:14]} {[%emt 00:07:18]} Nfd7 {[%clk 01:11:44]}
{[%emt 00:02:42]} 15. f4 {[%clk 00:44:29]} {[%emt 00:10:16]} Qb6 {[%clk
01:10:25]} {[%emt 00:01:49]} 16. b4 {[%clk 00:43:47]} {[%emt 00:01:12]} Nxd3
{[%clk 01:10:17]} {[%emt 00:00:38]} 17. Qxd3 {[%clk 00:42:37]} {[%emt
00:01:41]} Qc7 {[%clk 01:10:24]} {[%emt 00:00:22]} 18. Nce2 {[%clk 00:36:25]}
{[%emt 00:06:42]} Nb6 {[%clk 01:09:31]} {[%emt 00:01:24]} 19. f5 {[%clk
00:31:58]} {[%emt 00:04:57]} gxf5 {[%clk 01:07:11]} {[%emt 00:02:49]} 20. Nxf5
{[%clk 00:29:26]} {[%emt 00:03:02]} Be5 {[%clk 01:05:55]} {[%emt 00:01:45]} 21.
Bd4 {[%clk 00:28:00]} {[%emt 00:01:57]} Nc4 {[%clk 01:06:05]} {[%emt 00:00:21]}
22. Bxe5 {[%clk 00:26:46]} {[%emt 00:01:44]} Nxe5 {[%clk 01:06:19]} {[%emt
00:00:15]} 23. Qb3 {[%clk 00:21:05]} {[%emt 00:06:10]} Bxe4 {[%clk 01:06:19]}
{[%emt 00:00:30]} 24. Ned4 {[%clk 00:18:31]} {[%emt 00:03:05]} Qc4 {[%clk
01:01:43]} {[%emt 00:05:06]} 25. Qb2 {[%clk 00:14:19]} {[%emt 00:04:43]} d5
{[%clk 00:55:51]} {[%emt 00:06:21]} 26. Ne3 {[%clk 00:10:10]} {[%emt 00:04:39]}
Qc3 {[%clk 00:55:11]} {[%emt 00:01:10]} 27. Rfe1 {[%clk 00:07:42]} {[%emt
00:02:57]} Qxb2+ {[%clk 00:53:01]} {[%emt 00:02:42]} 28. Kxb2 {[%clk 00:07:45]}
{[%emt 00:00:26]} Nc4+ {[%clk 00:53:26]} {[%emt 00:00:05]} 29. Nxc4 {[%clk
00:06:18]} {[%emt 00:01:57]} Rxc4 {[%clk 00:53:51]} {[%emt 00:00:05]} 30. c3
{[%clk 00:05:13]} {[%emt 00:01:35]} Bxg2 {[%clk 00:53:56]} {[%emt 00:00:25]}
31. Nf5 {[%clk 00:01:26]} {[%emt 00:04:18]} Be4 {[%clk 00:53:59]} {[%emt
00:00:26]} 32. Ne3 {[%clk 00:01:43]} {[%emt 00:00:14]} Bf3 {[%clk 00:53:15]}
{[%emt 00:01:14]} 33. Rd3 {[%clk 00:01:18]} {[%emt 00:00:55]} Re4 {[%clk
00:53:25]} {[%emt 00:00:19]} 34. Kc2 {[%clk 00:00:31]} {[%emt 00:01:16]} e6
{[%clk 00:53:26]} {[%emt 00:00:29]} 35. Kd2 {[%clk 00:00:45]} {[%emt 00:00:16]}
Rg8 {[%clk 00:52:37]} {[%emt 00:01:20]} 36. Rf1 {[%clk 00:00:45]} {[%emt
00:00:29]} Rxe3 {[%clk 00:52:38]} {[%emt 00:00:31]} 37. Rxe3 {[%clk 00:00:43]}
{[%emt 00:00:32]} Rg2+ {[%clk 00:52:36]} {[%emt 00:00:31]} 38. Kd3 {[%clk
00:00:54]} {[%emt 00:00:18]} Be4+ {[%clk 00:52:50]} {[%emt 00:00:17]} 39. Kd4
{[%clk 00:01:13]} {[%emt 00:00:11]} Ke7 {[%clk 00:53:16]} {[%emt 00:00:04]} 40.
Kc5 {[%clk 00:00:58]} {[%emt 00:00:46]} Ra2 {[%clk 00:53:28]} {[%emt 00:00:17]}
41. c4 {[%clk 00:00:32]} {[%emt 00:00:57]} bxc4 {[%clk 00:53:41]} {[%emt
00:00:17]} 42. Kb6 {[%clk 00:11:47]} {[%emt 00:04:14]} Bd3 {[%clk 01:08:54]}
{[%emt 00:00:17]} 43. Kxa6 {[%clk 00:10:52]} {[%emt 00:01:26]} Rxa3+ {[%clk
01:09:15]} {[%emt 00:00:08]} 44. Kb6 {[%clk 00:10:21]} {[%emt 00:01:01]} d4
{[%clk 01:09:38]} {[%emt 00:00:08]} 45. Ref3 {[%clk 00:09:33]} {[%emt
00:01:17]} Bxf1 {[%clk 01:09:09]} {[%emt 00:01:00]} 46. Rxa3 {[%clk 00:09:29]}
{[%emt 00:00:34]} d3 {[%clk 01:09:32]} {[%emt 00:00:07]} 47. Ra1 {[%clk
00:09:01]} {[%emt 00:00:57]} c3 {[%clk 01:09:41]} {[%emt 00:00:21]} 48. Rxf1
{[%clk 00:03:01]} {[%emt 00:06:30]} d2 {[%clk 01:10:02]} {[%emt 00:00:09]} 49.
Rd1 {[%clk 00:00:31]} {[%emt 00:02:59]} c2 {[%clk 01:10:30]} {[%emt 00:00:03]}
50. Rxd2 {[%clk 00:00:31]} {[%emt 00:00:30]} c1=Q {[%clk 01:10:52]} {[%emt
00:00:08]} 51. Ra2 {[%clk 00:00:31]} {[%emt 00:00:30]} Kd6 {[%clk 01:11:02]}
{[%emt 00:00:19]} 52. Ra6 {[%clk 00:00:33]} {[%emt 00:00:29]} Qc4 {[%clk
01:11:13]} {[%emt 00:00:19]} 0-1

[Event "DEM U10 2023"]
[Site "Willingen GER"]
[Date "2023.06.01"]
[Round "8"]
[White "Pradeep, Harshill"]
[Black "Aguike, Toshiya"]
[Result "1-0"]
[Termination "normal"]
[Board "7"]
[WhiteElo "1482"]
[BlackElo "1490"]
[WhiteClock "01:09:50"]
[BlackClock "00:37:28"]
[PlyCount "55"]
[WhiteFideId "34629513"]
[BlackFideId "34611347"]
[EventCountry "GER"]
[EventRounds "11"]
[EventType "swiss"]
[EventDate "2023.05.27"]

1. e4 {[%clk 01:15:59]} e5 {[%clk 01:15:56]} {[%emt 00:00:04]} 2. Nf3 {[%clk
01:16:22]} {[%emt 00:00:07]} Nc6 {[%clk 01:16:20]} {[%emt 00:00:05]} 3. Bc4
{[%clk 01:16:45]} {[%emt 00:00:07]} Bc5 {[%clk 01:16:46]} {[%emt 00:00:05]} 4.
b4 {[%clk 01:17:03]} {[%emt 00:00:12]} Bxb4 {[%clk 01:17:04]} {[%emt 00:00:11]}
5. c3 {[%clk 01:17:26]} {[%emt 00:00:07]} Ba5 {[%clk 01:17:27]} {[%emt
00:00:07]} 6. O-O {[%clk 01:17:47]} {[%emt 00:00:09]} Nf6 {[%clk 01:17:33]}
{[%emt 00:00:24]} 7. d4 {[%clk 01:18:10]} {[%emt 00:00:07]} Qe7 {[%clk
01:14:51]} {[%emt 00:03:11]} 8. Ba3 {[%clk 01:15:46]} {[%emt 00:02:56]} d6
{[%clk 01:14:30]} {[%emt 00:00:50]} 9. d5 {[%clk 01:16:07]} {[%emt 00:00:11]}
Nd8 {[%clk 01:14:37]} {[%emt 00:00:21]} 10. Qa4+ {[%clk 01:16:28]} {[%emt
00:00:10]} Bd7 {[%clk 01:14:36]} {[%emt 00:00:31]} 11. Qxa5 {[%clk 01:16:50]}
{[%emt 00:00:07]} b6 {[%clk 01:12:22]} {[%emt 00:02:45]} 12. Qb4 {[%clk
01:17:08]} {[%emt 00:00:11]} a5 {[%clk 01:12:23]} {[%emt 00:00:29]} 13. Qb2
{[%clk 01:17:30]} {[%emt 00:00:08]} Nxe4 {[%clk 01:12:35]} {[%emt 00:00:18]}
14. Re1 {[%clk 01:17:52]} {[%emt 00:00:09]} f5 {[%clk 01:12:36]} {[%emt
00:00:29]} 15. Nbd2 {[%clk 01:18:04]} {[%emt 00:00:17]} Nf6 {[%clk 01:12:14]}
{[%emt 00:00:52]} 16. Rxe5 {[%clk 01:17:52]} {[%emt 00:00:43]} Be6 {[%clk
01:08:49]} {[%emt 00:03:54]} 17. dxe6 {[%clk 01:18:05]} {[%emt 00:00:18]} O-O
{[%clk 01:07:24]} {[%emt 00:01:54]} 18. Re2 {[%clk 01:17:05]} {[%emt 00:01:31]}
Kh8 {[%clk 00:49:51]} {[%emt 00:18:02]} 19. Rae1 {[%clk 01:17:20]} {[%emt
00:00:16]} Rb8 {[%clk 00:46:53]} {[%emt 00:03:26]} 20. Ne5 {[%clk 01:16:35]}
{[%emt 00:01:16]} c5 {[%clk 00:44:44]} {[%emt 00:02:39]} 21. Nf7+ {[%clk
01:15:54]} {[%emt 00:01:11]} Nxf7 {[%clk 00:44:34]} {[%emt 00:00:40]} 22. exf7
{[%clk 01:15:23]} {[%emt 00:01:01]} Qd7 {[%clk 00:43:09]} {[%emt 00:01:54]} 23.
Re7 {[%clk 01:13:19]} {[%emt 00:02:35]} Qc6 {[%clk 00:41:40]} {[%emt 00:01:58]}
24. Bb5 {[%clk 01:10:12]} {[%emt 00:03:39]} Qd5 {[%clk 00:41:07]} {[%emt
00:01:02]} 25. c4 {[%clk 01:10:29]} {[%emt 00:00:14]} Qa8 {[%clk 00:41:03]}
{[%emt 00:00:34]} 26. R1e6 {[%clk 01:09:39]} {[%emt 00:01:20]} Rbd8 {[%clk
00:37:47]} {[%emt 00:03:45]} 27. Rxf6 {[%clk 01:09:50]} {[%emt 00:00:19]} h6
{[%clk 00:37:28]} {[%emt 00:00:49]} 28. Rxh6# {[%emt 00:00:11]} 1-0

[Event "DEM U10 2023"]
[Site "Willingen GER"]
[Date "2023.06.01"]
[Round "8"]
[White "Chua, Daniel James"]
[Black "Teng, David"]
[Result "1/2-1/2"]
[Termination "normal"]
[Board "8"]
[WhiteElo "1433"]
[BlackElo "1554"]
[WhiteClock "00:01:11"]
[BlackClock "00:07:12"]
[PlyCount "76"]
[WhiteFideId "34608354"]
[BlackFideId "34604570"]
[EventCountry "GER"]
[EventRounds "11"]
[EventType "swiss"]
[EventDate "2023.05.27"]

1. e4 {[%clk 01:15:54]} {[%emt 00:00:04]} c5 {[%clk 01:15:45]} {[%emt
00:00:16]} 2. Nf3 {[%clk 01:16:02]} {[%emt 00:00:21]} e6 {[%clk 01:16:05]}
{[%emt 00:00:11]} 3. d4 {[%clk 01:16:29]} {[%emt 00:00:03]} cxd4 {[%clk
01:16:28]} {[%emt 00:00:07]} 4. Nxd4 {[%clk 01:16:39]} {[%emt 00:00:20]} a6
{[%clk 01:16:39]} {[%emt 00:00:19]} 5. c4 {[%clk 01:16:43]} {[%emt 00:00:26]}
Nf6 {[%clk 01:16:46]} {[%emt 00:00:22]} 6. Nc3 {[%clk 01:16:56]} {[%emt
00:00:18]} Qc7 {[%clk 01:15:41]} {[%emt 00:01:35]} 7. a3 {[%clk 01:16:56]}
{[%emt 00:00:30]} Be7 {[%clk 01:14:22]} {[%emt 00:01:48]} 8. Be3 {[%clk
01:15:24]} {[%emt 00:02:03]} Nc6 {[%clk 01:13:23]} {[%emt 00:01:29]} 9. Rc1
{[%clk 01:13:07]} {[%emt 00:02:47]} O-O {[%clk 01:11:08]} {[%emt 00:02:44]} 10.
Be2 {[%clk 01:08:57]} {[%emt 00:04:39]} b6 {[%clk 01:08:10]} {[%emt 00:03:30]}
11. O-O {[%clk 01:06:06]} {[%emt 00:03:20]} Bb7 {[%clk 01:06:38]} {[%emt
00:02:02]} 12. f3 {[%clk 01:05:05]} {[%emt 00:01:30]} Rad8 {[%clk 01:04:26]}
{[%emt 00:02:44]} 13. b4 {[%clk 01:01:46]} {[%emt 00:03:50]} Qb8 {[%clk
00:49:30]} {[%emt 00:15:25]} 14. Nb3 {[%clk 00:53:42]} {[%emt 00:08:34]} Ba8
{[%clk 00:46:27]} {[%emt 00:03:33]} 15. Na4 {[%clk 00:38:42]} {[%emt 00:15:29]}
b5 {[%clk 00:44:04]} {[%emt 00:02:53]} 16. Nc3 {[%clk 00:31:28]} {[%emt
00:07:44]} bxc4 {[%clk 00:42:42]} {[%emt 00:01:53]} 17. Bxc4 {[%clk 00:31:23]}
{[%emt 00:00:34]} d5 {[%clk 00:35:29]} {[%emt 00:07:43]} 18. exd5 {[%clk
00:22:04]} {[%emt 00:09:50]} exd5 {[%clk 00:35:37]} {[%emt 00:00:23]} 19. Bxa6
{[%clk 00:20:06]} {[%emt 00:02:27]} d4 {[%clk 00:29:58]} {[%emt 00:06:09]} 20.
Nxd4 {[%clk 00:15:41]} {[%emt 00:04:55]} Nxd4 {[%clk 00:29:40]} {[%emt
00:00:48]} 21. Bxd4 {[%clk 00:15:53]} {[%emt 00:00:18]} Qd6 {[%clk 00:29:08]}
{[%emt 00:01:01]} 22. Bxf6 {[%clk 00:13:02]} {[%emt 00:03:21]} Qxa6 {[%clk
00:28:39]} {[%emt 00:00:59]} 23. Bd4 {[%clk 00:13:05]} {[%emt 00:00:27]} Qxa3
{[%clk 00:26:48]} {[%emt 00:02:22]} 24. Qe2 {[%clk 00:08:48]} {[%emt 00:04:44]}
Qxb4 {[%clk 00:20:03]} {[%emt 00:07:18]} 25. Bf2 {[%clk 00:06:52]} {[%emt
00:02:22]} Bf6 {[%clk 00:18:36]} {[%emt 00:03:01]} 26. Ne4 {[%clk 00:04:41]}
{[%emt 00:02:40]} Bxe4 {[%clk 00:17:56]} {[%emt 00:01:11]} 27. Qxe4 {[%clk
00:04:38]} {[%emt 00:00:33]} Qb2 {[%clk 00:16:49]} {[%emt 00:01:32]} 28. Rcd1
{[%clk 00:03:53]} {[%emt 00:01:19]} Rde8 {[%clk 00:14:28]} {[%emt 00:02:52]}
29. Qb1 {[%clk 00:01:40]} {[%emt 00:02:43]} Qc3 {[%clk 00:13:39]} {[%emt
00:01:19]} 30. Qd3 {[%clk 00:01:32]} {[%emt 00:00:37]} Qb2 {[%clk 00:11:09]}
{[%emt 00:03:00]} 31. Qb1 {[%clk 00:01:06]} {[%emt 00:00:56]} Qe5 {[%clk
00:11:11]} {[%emt 00:00:26]} 32. Rfe1 {[%clk 00:00:49]} {[%emt 00:00:50]} Qg5
{[%clk 00:10:39]} {[%emt 00:01:01]} 33. Qc2 {[%clk 00:00:43]} {[%emt 00:00:35]}
h6 {[%clk 00:09:45]} {[%emt 00:01:26]} 34. Qc1 {[%clk 00:00:55]} {[%emt
00:00:14]} Qa5 {[%clk 00:08:49]} {[%emt 00:01:27]} 35. Qc5 {[%clk 00:00:50]}
{[%emt 00:00:36]} Rxe1+ {[%clk 00:07:54]} {[%emt 00:01:26]} 36. Rxe1 {[%clk
00:01:14]} {[%emt 00:00:08]} Qd2 {[%clk 00:07:46]} {[%emt 00:00:34]} 37. Qe3
{[%clk 00:01:08]} {[%emt 00:00:35]} Qd7 {[%clk 00:07:27]} {[%emt 00:00:51]} 38.
Qa7 {[%clk 00:01:11]} {[%emt 00:00:29]} Qxa7 {[%clk 00:07:12]} {[%emt
00:00:45]} 1/2-1/2

[Event "DEM U10 2023"]
[Site "Willingen GER"]
[Date "2023.06.01"]
[Round "8"]
[White "Meitzner, Jonathan Franz"]
[Black "Bergmann, Rafael Antonio"]
[Result "1/2-1/2"]
[Termination "normal"]
[Board "9"]
[WhiteElo "1314"]
[BlackElo "1669"]
[WhiteClock "00:02:45"]
[BlackClock "00:16:26"]
[PlyCount "96"]
[WhiteFideId "34616110"]
[BlackFideId "34635076"]
[EventCountry "GER"]
[EventRounds "11"]
[EventType "swiss"]
[EventDate "2023.05.27"]

1. f4 {[%clk 01:15:54]} {[%emt 00:00:04]} d5 {[%clk 01:13:47]} {[%emt
00:02:14]} 2. Nf3 {[%clk 01:15:57]} {[%emt 00:00:26]} c5 {[%clk 01:12:23]}
{[%emt 00:01:54]} 3. b3 {[%clk 01:15:15]} {[%emt 00:01:13]} Nf6 {[%clk
01:07:15]} {[%emt 00:05:38]} 4. Bb2 {[%clk 01:15:25]} {[%emt 00:00:20]} e6
{[%clk 01:06:52]} {[%emt 00:00:54]} 5. g3 {[%clk 01:15:18]} {[%emt 00:00:36]}
Nc6 {[%clk 01:04:51]} {[%emt 00:02:31]} 6. Bg2 {[%clk 01:15:14]} {[%emt
00:00:33]} Be7 {[%clk 00:56:32]} {[%emt 00:08:49]} 7. d3 {[%clk 01:15:12]}
{[%emt 00:00:33]} d4 {[%clk 00:53:06]} {[%emt 00:03:57]} 8. Nbd2 {[%clk
01:05:44]} {[%emt 00:09:57]} Nd5 {[%clk 00:49:32]} {[%emt 00:03:58]} 9. Nf1
{[%clk 01:04:35]} {[%emt 00:01:42]} O-O {[%clk 00:47:03]} {[%emt 00:03:01]} 10.
Qd2 {[%clk 01:02:52]} {[%emt 00:02:12]} c4 {[%clk 00:39:10]} {[%emt 00:08:25]}
11. Nxd4 {[%clk 00:57:39]} {[%emt 00:05:43]} Nxd4 {[%clk 00:38:51]} {[%emt
00:00:49]} 12. dxc4 {[%clk 00:51:46]} {[%emt 00:06:23]} Nb4 {[%clk 00:36:37]}
{[%emt 00:02:43]} 13. c3 {[%clk 00:45:50]} {[%emt 00:06:27]} Ndc2+ {[%clk
00:35:19]} {[%emt 00:01:47]} 14. Kd1 {[%clk 00:44:30]} {[%emt 00:01:50]} Nxa1
{[%clk 00:35:25]} {[%emt 00:00:25]} 15. cxb4 {[%clk 00:44:24]} {[%emt
00:00:37]} Bxb4 {[%clk 00:35:37]} {[%emt 00:00:17]} 16. Qxd8 {[%clk 00:44:33]}
{[%emt 00:00:21]} Rxd8+ {[%clk 00:35:59]} {[%emt 00:00:07]} 17. Kc1 {[%clk
00:44:43]} {[%emt 00:00:20]} Nxb3+ {[%clk 00:36:13]} {[%emt 00:00:17]} 18. axb3
{[%clk 00:45:02]} {[%emt 00:00:11]} Rb8 {[%clk 00:35:58]} {[%emt 00:00:44]} 19.
Be5 {[%clk 00:43:42]} {[%emt 00:01:50]} Bd6 {[%clk 00:36:00]} {[%emt 00:00:28]}
20. Bd4 {[%clk 00:43:52]} {[%emt 00:00:21]} b6 {[%clk 00:36:18]} {[%emt
00:00:11]} 21. e3 {[%clk 00:43:57]} {[%emt 00:00:25]} Bb7 {[%clk 00:36:34]}
{[%emt 00:00:14]} 22. Bxb7 {[%clk 00:43:54]} {[%emt 00:00:33]} Rxb7 {[%clk
00:36:54]} {[%emt 00:00:11]} 23. Nd2 {[%clk 00:44:07]} {[%emt 00:00:15]} Bc5
{[%clk 00:31:23]} {[%emt 00:06:01]} 24. Nf3 {[%clk 00:43:19]} {[%emt 00:01:15]}
f6 {[%clk 00:29:49]} {[%emt 00:02:09]} 25. Rd1 {[%clk 00:42:58]} {[%emt
00:00:49]} Rbd7 {[%clk 00:28:46]} {[%emt 00:01:34]} 26. Re1 {[%clk 00:38:28]}
{[%emt 00:05:01]} Kf7 {[%clk 00:28:20]} {[%emt 00:00:56]} 27. g4 {[%clk
00:36:08]} {[%emt 00:02:45]} Bxd4 {[%clk 00:23:43]} {[%emt 00:05:12]} 28. exd4
{[%clk 00:34:28]} {[%emt 00:02:10]} Rxd4 {[%clk 00:22:10]} {[%emt 00:02:03]}
29. Nxd4 {[%clk 00:33:10]} {[%emt 00:01:47]} Rxd4 {[%clk 00:22:34]} {[%emt
00:00:06]} 30. Rf1 {[%clk 00:33:25]} {[%emt 00:00:15]} Rd3 {[%clk 00:22:57]}
{[%emt 00:00:09]} 31. Kc2 {[%clk 00:33:45]} {[%emt 00:00:09]} Rh3 {[%clk
00:23:08]} {[%emt 00:00:19]} 32. Rf2 {[%clk 00:33:53]} {[%emt 00:00:20]} Ke7
{[%emt 00:03:31]} 33. b4 {[%clk 00:29:26]} {[%emt 00:02:36]} Re3 {[%clk
00:22:42]} {[%emt 00:00:16]} 34. Kb2 {[%clk 00:27:59]} {[%emt 00:01:56]} f5
{[%clk 00:22:20]} {[%emt 00:00:55]} 35. g5 {[%clk 00:21:34]} {[%emt 00:06:54]}
Re4 {[%clk 00:20:27]} {[%emt 00:02:24]} 36. Kc3 {[%clk 00:20:35]} {[%emt
00:01:28]} g6 {[%clk 00:19:48]} {[%emt 00:01:10]} 37. Kd3 {[%clk 00:18:34]}
{[%emt 00:02:31]} b5 {[%emt 00:01:30]} 38. cxb5 {[%clk 00:14:32]} {[%emt
00:04:31]} Rxb4 {[%clk 00:17:33]} {[%emt 00:01:45]} 39. Ra2 {[%clk 00:13:34]}
{[%emt 00:01:29]} Rxb5 {[%clk 00:17:36]} {[%emt 00:00:27]} 40. Rxa7+ {[%clk
00:13:57]} {[%emt 00:00:06]} Kf8 {[%clk 00:17:37]} {[%emt 00:00:30]} 41. Rxh7
{[%clk 00:13:57]} {[%emt 00:00:30]} e5 {[%clk 00:17:32]} {[%emt 00:00:34]} 42.
fxe5 {[%clk 00:11:36]} {[%emt 00:02:52]} Rxe5 {[%clk 00:17:42]} {[%emt
00:00:20]} 43. Ra7 {[%clk 00:10:47]} {[%emt 00:01:18]} Re7 {[%clk 00:15:52]}
{[%emt 00:02:21]} 44. Rxe7 {[%clk 00:08:53]} {[%emt 00:02:24]} Kxe7 {[%clk
00:16:12]} {[%emt 00:00:10]} 45. Ke3 {[%clk 00:09:19]} {[%emt 00:00:04]} Ke6
{[%clk 00:16:21]} {[%emt 00:00:21]} 46. Kf4 {[%clk 00:09:42]} {[%emt 00:00:07]}
Kd5 {[%clk 00:16:21]} {[%emt 00:00:29]} 47. h4 {[%clk 00:10:07]} {[%emt
00:00:06]} Ke6 {[%clk 00:16:27]} {[%emt 00:00:22]} 48. Kg3 {[%clk 00:02:45]}
{[%emt 00:07:54]} Kf7 {[%clk 00:16:26]} 1/2-1/2

[Event "DEM U10 2023"]
[Site "Willingen GER"]
[Date "2023.06.01"]
[Round "8"]
[White "Naumann, Lennart"]
[Black "Lange, Fynn Jeremy"]
[Result "1/2-1/2"]
[Termination "normal"]
[Board "10"]
[WhiteElo "1537"]
[BlackElo "1616"]
[WhiteClock "00:02:15"]
[BlackClock "00:18:55"]
[PlyCount "93"]
[WhiteFideId "34644830"]
[BlackFideId "34616365"]
[EventCountry "GER"]
[EventRounds "11"]
[EventType "swiss"]
[EventDate "2023.05.27"]

1. e4 {[%clk 01:15:46]} {[%emt 00:00:13]} e5 {[%clk 01:15:30]} {[%emt
00:00:30]} 2. Nf3 {[%clk 01:15:44]} {[%emt 00:00:33]} Nf6 {[%clk 01:15:30]}
{[%emt 00:00:30]} 3. Nc3 {[%clk 01:15:37]} {[%emt 00:00:38]} Bb4 {[%clk
01:13:30]} {[%emt 00:02:27]} 4. Nxe5 {[%clk 01:14:26]} {[%emt 00:01:42]} O-O
{[%clk 01:09:59]} {[%emt 00:04:03]} 5. Nd3 {[%clk 01:14:08]} {[%emt 00:00:47]}
Bxc3 {[%clk 01:08:30]} {[%emt 00:01:59]} 6. dxc3 {[%clk 01:13:48]} {[%emt
00:00:49]} Nxe4 {[%clk 01:07:33]} {[%emt 00:01:28]} 7. Be2 {[%clk 01:13:17]}
{[%emt 00:01:00]} Re8 {[%clk 01:05:10]} {[%emt 00:02:48]} 8. O-O {[%clk
01:13:19]} {[%emt 00:00:33]} Nc6 {[%clk 01:03:57]} {[%emt 00:01:43]} 9. Bf4
{[%clk 01:12:49]} {[%emt 00:01:01]} d6 {[%clk 01:03:30]} {[%emt 00:00:56]} 10.
Re1 {[%clk 01:09:14]} {[%emt 00:04:05]} Bf5 {[%clk 01:01:30]} {[%emt 00:02:30]}
11. Bg4 {[%clk 01:06:58]} {[%emt 00:02:46]} Qd7 {[%clk 00:58:30]} {[%emt
00:03:30]} 12. Bxf5 {[%clk 00:58:55]} {[%emt 00:08:33]} Qxf5 {[%clk 00:58:47]}
{[%emt 00:00:13]} 13. f3 {[%clk 00:51:46]} {[%emt 00:07:39]} Nc5 {[%clk
00:56:00]} {[%emt 00:03:15]} 14. Qd2 {[%clk 00:49:14]} {[%emt 00:03:04]} Nxd3
{[%clk 00:51:46]} {[%emt 00:04:45]} 15. cxd3 {[%clk 00:48:09]} {[%emt
00:01:34]} h6 {[%clk 00:45:29]} {[%emt 00:06:47]} 16. Re4 {[%clk 00:45:27]}
{[%emt 00:03:10]} Re6 {[%clk 00:41:07]} {[%emt 00:04:53]} 17. Rae1 {[%clk
00:45:25]} {[%emt 00:00:33]} Rae8 {[%clk 00:40:08]} {[%emt 00:01:28]} 18. Rxe6
{[%emt 00:04:26]} Rxe6 {[%clk 00:38:10]} {[%emt 00:02:27]} 19. Be3 {[%clk
00:40:00]} {[%emt 00:02:02]} a6 {[%clk 00:35:47]} {[%emt 00:02:53]} 20. d4
{[%clk 00:38:03]} {[%emt 00:02:26]} Ne7 {[%clk 00:32:42]} {[%emt 00:03:35]} 21.
c4 {[%clk 00:37:26]} {[%emt 00:01:09]} Ng6 {[%clk 00:29:59]} {[%emt 00:03:12]}
22. b3 {[%clk 00:31:27]} {[%emt 00:06:28]} Nh4 {[%clk 00:25:29]} {[%emt
00:04:57]} 23. Bf2 {[%clk 00:26:27]} {[%emt 00:05:33]} Ng6 {[%clk 00:24:00]}
{[%emt 00:01:59]} 24. Be3 {[%clk 00:26:14]} {[%emt 00:00:44]} Kh7 {[%clk
00:22:45]} {[%emt 00:01:44]} 25. Re2 {[%clk 00:21:49]} {[%emt 00:04:56]} Nh4
{[%clk 00:20:51]} {[%emt 00:02:23]} 26. Bf2 {[%clk 00:20:00]} {[%emt 00:02:18]}
Ng6 {[%clk 00:19:01]} {[%emt 00:02:21]} 27. Be3 {[%clk 00:20:03]} {[%emt
00:00:28]} Nf8 {[%clk 00:18:20]} {[%emt 00:01:09]} 28. Kf2 {[%clk 00:17:45]}
{[%emt 00:02:49]} Nd7 {[%clk 00:18:29]} {[%emt 00:00:21]} 29. Qc2 {[%clk
00:17:04]} {[%emt 00:01:12]} Qxc2 {[%clk 00:18:12]} {[%emt 00:00:47]} 30. Rxc2
{[%clk 00:17:25]} {[%emt 00:00:09]} Nb6 {[%clk 00:17:23]} {[%emt 00:01:19]} 31.
g4 {[%clk 00:16:44]} {[%emt 00:01:10]} Kg6 {[%clk 00:17:20]} {[%emt 00:00:34]}
32. h4 {[%clk 00:14:16]} {[%emt 00:02:57]} c6 {[%clk 00:16:40]} {[%emt
00:01:10]} 33. d5 {[%clk 00:14:05]} {[%emt 00:00:42]} Rxe3 {[%clk 00:16:50]}
{[%emt 00:00:21]} 34. Kxe3 {[%clk 00:14:26]} {[%emt 00:00:07]} c5 {[%clk
00:16:32]} {[%emt 00:00:49]} 35. b4 {[%clk 00:13:11]} {[%emt 00:01:45]} cxb4
{[%clk 00:16:52]} {[%emt 00:00:11]} 36. Kd4 {[%clk 00:13:30]} {[%emt 00:00:09]}
Nd7 {[%clk 00:17:06]} {[%emt 00:00:17]} 37. Rb2 {[%clk 00:06:04]} {[%emt
00:07:56]} a5 {[%clk 00:17:16]} {[%emt 00:00:20]} 38. a3 {[%clk 00:05:50]}
{[%emt 00:00:44]} bxa3 {[%emt 00:00:58]} 39. Ra2 {[%clk 00:06:10]} {[%emt
00:00:09]} b6 {[%clk 00:16:52]} {[%emt 00:00:27]} 40. Rxa3 {[%clk 00:06:27]}
{[%emt 00:00:13]} Kf6 {[%clk 00:17:06]} {[%emt 00:00:15]} 41. f4 {[%clk
00:06:04]} {[%emt 00:00:54]} Ke7 {[%clk 00:17:08]} {[%emt 00:00:28]} 42. g5
{[%clk 00:05:42]} {[%emt 00:00:51]} h5 {[%clk 00:17:25]} {[%emt 00:00:13]} 43.
f5 {[%clk 00:04:34]} {[%emt 00:01:37]} Kd8 {[%clk 00:17:43]} {[%emt 00:00:14]}
44. g6 {[%clk 00:03:46]} {[%emt 00:01:18]} f6 {[%clk 00:18:09]} {[%emt
00:00:04]} 45. Re3 {[%clk 00:03:38]} {[%emt 00:00:37]} Ne5 {[%clk 00:18:36]}
{[%emt 00:00:03]} 46. Rg3 {[%clk 00:02:15]} {[%emt 00:01:53]} Kc7 {[%clk
00:18:55]} {[%emt 00:00:12]} 47. Rc3 {[%emt 00:02:37]} 1/2-1/2